000 00854nam a22003250a 4500
001 PT58369
003 AR-LpoUNG
005 20210131231852.0
008 191001s2008||||ag |||||||||||||||||spa d
020 _a9789505811915
_c$15
040 _aAR-LpoUNG
_bspa
_cAR-LpoUNG
_eaacr
041 _aspa
044 _aag
082 0 _aA864 447pro
100 1 _aPerlongher, Néstor
245 1 0 _aProsa plebeya :
_bensayos : 1980-1992
250 _a1ra. ed., 1ra. reimpr.
260 _aBuenos Aires :
_bColihue,
_c2008.
300 _a257 p. :
_bfot.
650 4 _aARGENTINA
650 4 _aENSAYO
650 4 _aLITERATURA
650 4 _aPOESIA
651 4 _aDOCUMENTOS TEORICOS O METODOLOGICOS
653 _aLITERATURA ARGENTINA
700 1 _aBaigorria, Osvaldo
_epról.
700 1 _aFerrer, Christian
_epról.
905 _a58369
942 _cLIB
999 _c12341
_d12341